000 01555cgm a2200397Ma 4500
001 on1099457909
003 OCoLC
005 20231221122825.0
007 vd cvaizs
008 190426s2019 xxu060 j vleng d
020 _a9781531709839
020 _a1531709834
024 1 _a841887041584
028 4 2 _a12315926
035 _a(OCoLC)1099457909
040 _aW8N
_beng
_cW8N
_dBYV
_dWACOL
_e
049 _aWACL
092 _aDVD
_bPin
245 0 0 _aPinkalicious & Peterrific: Pinkerrific sing-along!
260 _a[United States] :
_bPbs Kids,
_c2019.
264 _a[United States] :
_bPbs Kids,
_c2019
300 _a1 videodisc (ca. 60 min.) :
_bsd., col. ;
_c4 3/4 in.
500 _a06/11/2019.
520 _aIt's time to make some music with Pinkalicious and her brother Peter! In seven exciting adventures, hear Peter cheer his friends up by playing the harmonica, listen to Pinkalicious practice singing over and over again to perfect her solo for a class concert, and watch Pinkalicous, Peter, and their friends play with Mommy's latest invention called the Opera-matic.
521 8 _aTV rating: TV-Y.
521 _aChildren's DVD
_bMidwest Tape
538 _aDVD.
546 _aEnglish audio.
650 4 _aChildren's films.
_96005969
650 4 _aAnimated.
_96005970
650 4 _aTelevision series.
_96005971
655 4 _aChildren's.
_96005972
856 7 _3View cover art
_uhttp://midwesttapes.com/images/movies/000/000/000/012/315/000000000012315926.jpg
_2http
942 _cDVD
_2ddc
948 _a06/21/2019
_zSirsi
999 _c320397
_d320396